Вып. 42: Анализ и оптимизация конструкций; Прикладные проблемы прочности и пластичности

Detalhes bibliográficos
Parent link:Прикладные проблемы прочности и пластичности: всесоюзный межвузовский сборник/ Горьковский государственный университет им. Н. И. Лобачевского (ГГУ). Вып. 42: Анализ и оптимизация конструкций.— , 1975-1999
Outros Autores: Малков В. П. (редактор)
Idioma:russo
Publicado em: 1989
Assuntos:
Formato: Livro
KOHA link:https://koha.lib.tpu.ru/cgi-bin/koha/opac-detail.pl?biblionumber=228440

MARC

LEADER 00000nam2a2200000 4500
001 228440
005 20231101230857.0
035 |a (RuTPU)RU\TPU\book\248913 
035 |a BOOK00029132 
035 |a RU\TPU\book\29057 
035 |a RU\TPU\book\248913 
090 |a 228440 
100 |a 20011209d1989 k y0rusy50 ca 
101 0 |a rus 
102 |a RU 
105 |a a z 001zy 
200 0 |a Вып. 42: Анализ и оптимизация конструкций  |f отв. ред. В. П. Малков 
210 |d 1989 
215 |a 122 с.  |c ил. 
320 |a Библиогр. в конце статей 
461 1 |0 (RuTPU)RU\TPU\book\121455  |t Прикладные проблемы прочности и пластичности  |o всесоюзный межвузовский сборник  |f Горьковский государственный университет им. Н. И. Лобачевского (ГГУ)  |v Вып. 42: Анализ и оптимизация конструкций  |d 1975-1999 
606 1 |a Деформация  |2 stltpush  |3 (RuTPU)RU\TPU\subj\9389  |9 36648 
610 1 |a проектирование 
610 1 |a оптимальное проектирование 
610 1 |a прочность 
610 1 |a пластичность 
610 1 |a несущие конструкции 
610 1 |a методология проектирования 
610 1 |a сложные конструкции 
675 |a 539.3  |v 3 
702 1 |a Малков  |b В. П.  |4 340 
801 1 |a RU  |b 63413507  |c 20121219 
801 2 |a RU  |b 63413507  |c 20121225  |g RCR 
942 |c BK